Statistiken für Alle Gemeinden von Oberösterreich auf einer Karte

Klicken Sie hier um das Quiz zu spielen!

Allgemein

  • Dieses Quiz wurde 2.006 mal gespielt
    (1.164 seit der letzten Aktualisierung)
  • Das Durchschnittsergebnis liegt bei 170 aus 438

Antworten auf der Karte

Die Antworten werden auf der Karte rot bzw. grün angezeigt, abhängig davon wie oft sie richtig erraten wurden.
 

Antwortstatistiken

BezirkGemeinde% Korrekt
LinzLinz
89%
SteyrSteyr
86%
WelsWels
86%
RohrbachRohrbach-Berg
85%
GmundenGmunden
82%
Ried im InnkreisRied im Innkreis
82%
Kirchdorf an der KremsRied im Traunkreis
82%
PergRied in der Riedmark
82%
Steyr-LandRohr im Kremstal
80%
Braunau am InnBraunau am Inn
79%
FreistadtFreistadt
77%
SchärdingSchärding
77%
Ried im InnkreisKirchdorf am Inn
76%
Kirchdorf an der KremsKirchdorf an der Krems
76%
PergPerg
76%
Linz-LandTraun
76%
VöcklabruckVöcklabruck
75%
EferdingEferding
73%
Linz-LandEnns
70%
Linz-LandLeonding
70%
GrieskirchenGrieskirchen
69%
GmundenBad Ischl
68%
VöcklabruckAttersee am Attersee
65%
Ried im InnkreisSt. Martin im Innkreis
65%
RohrbachSt. Martin im Mühlkreis
65%
Linz-LandPasching
64%
VöcklabruckMondsee
63%
Linz-LandSt. Florian
63%
SchärdingSt. Florian am Inn
63%
Braunau am InnSt. Georgen am Fillmannsbach
63%
PergSt. Georgen am Walde
63%
PergSt. Georgen an der Gusen
63%
GrieskirchenSt. Georgen bei Grieskirchen
63%
Ried im InnkreisSt. Georgen bei Obernberg am Inn
63%
VöcklabruckSt. Georgen im Attergau
63%
Linz-LandAnsfelden
62%
Wels-LandMarchtrenk
61%
PergMauthausen
61%
Steyr-LandBad Hall
60%
GmundenHallstatt
60%
Linz-LandSt. Marien
60%
GrieskirchenHofkirchen an der Trattnach
59%
RohrbachHofkirchen im Mühlkreis
59%
Linz-LandHofkirchen im Traunkreis
59%
GrieskirchenBad Schallerbach
58%
Kirchdorf an der KremsHinterstoder
58%
Linz-LandNeuhofen an der Krems
58%
Ried im InnkreisNeuhofen im Innkreis
58%
Urfahr-UmgebungSteyregg
58%
EferdingAschach an der Donau
57%
Steyr-LandAschach an der Steyr
57%
GmundenBad Goisern am Hallstättersee
57%
Urfahr-UmgebungBad Leonfelden
57%
GmundenEbensee am Traunsee
57%
Linz-LandHörsching
57%
Linz-LandKirchberg-Thening
57%
RohrbachAigen-Schlägl
56%
Linz-LandAsten
56%
GmundenGosau
56%
GmundenGrünau im Almtal
56%
Braunau am InnKirchberg bei Mattighofen
56%
RohrbachKirchberg ob der Donau
56%
Kirchdorf an der KremsKremsmünster
56%
GmundenSt. Wolfgang im Salzkammergut
56%
PergGrein
55%
GrieskirchenHaag am Hausruck
55%
GmundenTraunkirchen
55%
Linz-LandAllhaming
54%
GrieskirchenPram
54%
Wels-LandSattledt
54%
Steyr-LandSierning
54%
Braunau am InnSt. Peter am Hart
54%
RohrbachSt. Peter am Wimberg
54%
VöcklabruckAttnang-Puchheim
53%
Urfahr-UmgebungGallneukirchen
53%
GrieskirchenKematen am Innbach
53%
Linz-LandKematen an der Krems
53%
Kirchdorf an der KremsKlaus an der Pyhrnbahn
53%
Wels-LandLambach
53%
FreistadtPregarten
53%
VöcklabruckVöcklamarkt
53%
Kirchdorf an der KremsVorderstoder
53%
Kirchdorf an der KremsWindischgarsten
53%
GmundenAltmünster
52%
VöcklabruckBerg im Attergau
52%
Steyr-LandGarsten
52%
GmundenLaakirchen
52%
Braunau am InnMattighofen
52%
Braunau am InnSt. Johann am Walde
52%
RohrbachSt. Johann am Wimberg
52%
Steyr-LandSt. Ulrich bei Steyr
52%
RohrbachSt. Ulrich im Mühlkreis
52%
GmundenObertraun
51%
Urfahr-UmgebungOttensheim
51%
Kirchdorf an der KremsSpital am Pyhrn
51%
Ried im InnkreisSt. Marienkirchen am Hausruck
51%
EferdingSt. Marienkirchen an der Polsenz
51%
SchärdingSt. Marienkirchen bei Schärding
51%
Steyr-LandWeyer
51%
VöcklabruckWeyregg am Attersee
51%
Linz-LandWilhering
51%
Urfahr-UmgebungAltenberg bei Linz
50%
Wels-LandGunskirchen
50%
Kirchdorf an der KremsMicheldorf in Oberösterreich
50%
Urfahr-UmgebungFeldkirchen an der Donau
49%
Braunau am InnFeldkirchen bei Mattighofen
49%
Kirchdorf an der KremsMolln
49%
GrieskirchenNeukirchen am Walde
49%
Braunau am InnNeukirchen an der Enknach
49%
VöcklabruckNeukirchen an der Vöckla
49%
Wels-LandNeukirchen bei Lambach
49%
Wels-LandPichl bei Wels
49%
RohrbachSt. Stefan-Afiesl
49%
Wels-LandThalheim bei Wels
49%
GmundenVorchdorf
49%
EferdingAlkoven
48%
VöcklabruckNußdorf am Attersee
48%
EferdingPrambachkirchen
48%
Linz-LandPucking
48%
VöcklabruckSchwanenstadt
48%
RohrbachAltenfelden
47%
SchärdingAndorf
47%
Steyr-LandPfarrkirchen bei Bad Hall
47%
RohrbachPfarrkirchen im Mühlkreis
47%
VöcklabruckRegau
47%
Wels-LandStadl-Paura
47%
VöcklabruckSteinbach am Attersee
47%
Kirchdorf an der KremsSteinbach am Ziehberg
47%
Kirchdorf an der KremsSteinbach an der Steyr
47%
FreistadtSt. Oswald bei Freistadt
47%
RohrbachSt. Oswald bei Haslach
47%
Braunau am InnSt. Veit im Innkreis
47%
RohrbachSt. Veit im Mühlkreis
47%
Urfahr-UmgebungWalding
47%
VöcklabruckZell am Moos
47%
VöcklabruckZell am Pettenfirst
47%
SchärdingZell an der Pram
47%
Steyr-LandGroßraming
46%
RohrbachNeufelden
46%
Kirchdorf an der KremsPettenbach
46%
VöcklabruckSchörfling am Attersee
46%
Kirchdorf an der KremsSt. Pankraz
46%
Steyr-LandDietach
45%
Urfahr-UmgebungGramastetten
45%
Linz-LandKronstorf
45%
GrieskirchenNeumarkt im Hausruckkreis
45%
FreistadtNeumarkt im Mühlkreis
45%
Linz-LandOftering
45%
Steyr-LandReichraming
45%
RohrbachUlrichsberg
45%
Kirchdorf an der KremsWartberg an der Krems
45%
FreistadtWartberg ob der Aist
45%
Wels-LandWeißkirchen an der Traun
45%
SchärdingDorf an der Pram
44%
Urfahr-UmgebungHellmonsödt
44%
PergNaarn im Machlande
44%
Linz-LandNiederneukirchen
44%
FreistadtSandl
44%
Kirchdorf an der KremsSchlierbach
44%
RohrbachSchwarzenberg am Böhmerwald
44%
Steyr-LandTernberg
44%
VöcklabruckFrankenmarkt
43%
Urfahr-UmgebungKirchschlag bei Linz
43%
RohrbachKlaffer am Hochficht
43%
RohrbachLembach im Mühlkreis
43%
Steyr-LandLosenstein
43%
Urfahr-UmgebungReichenau im Mühlkreis
43%
GrieskirchenSt. Thomas
43%
PergSt. Thomas am Blasenstein
43%
Steyr-LandWolfern
43%
Wels-LandBad Wimsbach-Neydharting
42%
FreistadtBad Zell
42%
FreistadtHagenberg im Mühlkreis
42%
Linz-LandHargelsberg
42%
RohrbachHaslach an der Mühl
42%
Urfahr-UmgebungPuchenau
42%
VöcklabruckSeewalchen am Attersee
42%
Urfahr-UmgebungZwettl an der Rodl
42%
Steyr-LandAdlwang
41%
VöcklabruckFrankenburg am Hausruck
41%
Urfahr-UmgebungGoldwörth
41%
Kirchdorf an der KremsInzersdorf im Kremstal
41%
Steyr-LandLaussa
41%
Linz-LandPiberbach
41%
PergSaxen
41%
Urfahr-UmgebungVorderweißenbach
41%
Braunau am InnAltheim
40%
PergBad Kreuzen
40%
Urfahr-UmgebungHaibach im Mühlkreis
40%
EferdingHaibach ob der Donau
40%
EferdingHartkirchen
40%
RohrbachJulbach
40%
PergKatsdorf
40%
FreistadtKefermarkt
40%
RohrbachKollerschlag
40%
FreistadtKönigswiesen
40%
FreistadtLiebenau
40%
RohrbachNeustift im Mühlkreis
40%
SchärdingRiedau
40%
Steyr-LandSchiedlberg
40%
PergSchwertberg
40%
VöcklabruckUnterach am Attersee
40%
VöcklabruckAmpflwang im Hausruckwald
39%
RohrbachArnreit
39%
Wels-LandBuchkirchen
39%
GrieskirchenNatternbach
39%
RohrbachOberkappel
39%
Kirchdorf an der KremsRosenau am Hengstpaß
39%
GmundenScharnstein
39%
SchärdingSt. Aegidi
39%
FreistadtTragwein
39%
Ried im InnkreisWaldzell
39%
Kirchdorf an der KremsGrünburg
38%
Urfahr-UmgebungHerzogsdorf
38%
PergLuftenberg an der Donau
38%
Braunau am InnMaria Schmolln
38%
Kirchdorf an der KremsNußbach
38%
RohrbachSarleinsbach
38%
Wels-LandSteinhaus
38%
Braunau am InnSt. Pantaleon
38%
FreistadtGutau
37%
PergKlam
37%
Urfahr-UmgebungLichtenberg
37%
Steyr-LandMaria Neustift
37%
GmundenOhlsdorf
37%
Ried im InnkreisOrt im Innkreis
37%
RohrbachPeilstein im Mühlviertel
37%
GmundenPinsdorf
37%
Urfahr-UmgebungSchenkenfelden
37%
FreistadtSt. Leonhard bei Freistadt
37%
SchärdingSuben
37%
PergWaldhausen im Strudengau
37%
FreistadtWindhaag bei Freistadt
37%
PergWindhaag bei Perg
37%
Steyr-LandGaflenz
36%
GrieskirchenPeuerbach
36%
SchärdingRainbach im Innkreis
36%
FreistadtRainbach im Mühlkreis
36%
Kirchdorf an der KremsRoßleithen
36%
Wels-LandSipbachzell
36%
PergSt. Nikola an der Donau
36%
Ried im InnkreisTaiskirchen im Innkreis
36%
VöcklabruckTimelkam
36%
Urfahr-UmgebungEngerwitzdorf
35%
RohrbachHelfenberg
35%
PergMitterkirchen im Machland
35%
RohrbachPutzleinsdorf
35%
EferdingScharten
35%
FreistadtSchönau im Mühlkreis
35%
GrieskirchenSt. Agatha
35%
Linz-LandEggendorf im Traunkreis
34%
FreistadtGrünbach
34%
FreistadtLasberg
34%
RohrbachNiederkappel
34%
VöcklabruckOberwang
34%
EferdingPupping
34%
VöcklabruckStraß im Attergau
34%
FreistadtUnterweitersdorf
34%
Steyr-LandWaldneukirchen
34%
GrieskirchenWallern an der Trattnach
34%
PergArbing
33%
PergBaumgartenberg
33%
Wels-LandEdt bei Lambach
33%
FreistadtLeopoldschlag
33%
RohrbachNiederwaldkirchen
33%
Urfahr-UmgebungOttenschlag im Mühlkreis
33%
Wels-LandSteinerkirchen an der Traun
33%
Urfahr-UmgebungAlberndorf in der Riedmark
32%
VöcklabruckAurach am Hongar
32%
SchärdingEngelhartszell
32%
Wels-LandFischlham
32%
GrieskirchenGallspach
32%
PergMünzbach
32%
VöcklabruckSt. Lorenz
32%
Ried im InnkreisAurolzmünster
31%
Urfahr-UmgebungEidenberg
31%
EferdingFraham
31%
GmundenKirchham
31%
SchärdingKopfing im Innkreis
31%
VöcklabruckLenzing
31%
RohrbachOepping
31%
GmundenRoitham am Traunfall
31%
Wels-LandSchleißheim
31%
Urfahr-UmgebungSt. Gotthard im Mühlkreis
31%
SchärdingSt. Roman
31%
PergAllerheiligen im Mühlkreis
30%
PergDimbach
30%
Ried im InnkreisEberschwang
30%
Wels-LandEberstalzell
30%
Ried im InnkreisGeinberg
30%
PergLangenstein
30%
Braunau am InnMining
30%
Wels-LandOffenhausen
30%
Urfahr-UmgebungReichenthal
30%
FreistadtWaldburg
30%
FreistadtWeitersfelden
30%
GrieskirchenAistersheim
29%
Wels-LandBachmanning
29%
GrieskirchenGaspoltshofen
29%
GmundenGschwandt
29%
Ried im InnkreisGurten
29%
RohrbachKleinzell im Mühlkreis
29%
Wels-LandKrenglbach
29%
GrieskirchenMeggenhofen
29%
RohrbachNebelberg
29%
PergPabneukirchen
29%
SchärdingRaab
29%
SchärdingSt. Willibald
29%
Ried im InnkreisAntiesenhofen
28%
Braunau am InnAspach
28%
VöcklabruckGampern
28%
GrieskirchenKallham
28%
Braunau am InnOstermiething
28%
Braunau am InnSt. Radegund
28%
SchärdingTaufkirchen an der Pram
28%
GrieskirchenTaufkirchen an der Trattnach
28%
FreistadtUnterweißenbach
28%
GrieskirchenWaizenkirchen
28%
Braunau am InnHelpfau-Uttendorf
27%
FreistadtHirschbach im Mühlkreis
27%
Wels-LandHolzhausen
27%
Braunau am InnLochen am See
27%
Braunau am InnMauerkirchen
27%
Ried im InnkreisMehrnbach
27%
Ried im InnkreisMettmach
27%
Braunau am InnMunderfing
27%
SchärdingMünzkirchen
27%
Ried im InnkreisObernberg am Inn
27%
Urfahr-UmgebungOberneukirchen
27%
Kirchdorf an der KremsOberschlierbach
27%
VöcklabruckOttnang am Hausruck
27%
FreistadtPierbach
27%
VöcklabruckWolfsegg am Hausruck
27%
Ried im InnkreisAndrichsfurt
26%
Ried im InnkreisHohenzell
26%
Braunau am InnLengau
26%
Ried im InnkreisLohnsburg am Kobernaußerwald
26%
Braunau am InnPolling im Innkreis
26%
GmundenSt. Konrad
26%
VöcklabruckWeißenkirchen im Attergau
26%
RohrbachAuberg
25%
Braunau am InnHöhnhart
25%
VöcklabruckInnerschwand am Mondsee
25%
RohrbachLichtenau im Mühlkreis
25%
Ried im InnkreisPramet
25%
Braunau am InnRoßbach
25%
VöcklabruckTiefgraben
25%
SchärdingWaldkirchen am Wesen
25%
GrieskirchenWeibern
25%
Braunau am InnBurgkirchen
24%
Kirchdorf an der KremsEdlbach
24%
SchärdingEggerding
24%
SchärdingEsternberg
24%
Braunau am InnHochburg-Ach
24%
GrieskirchenMichaelnbach
24%
Braunau am InnMoosbach
24%
Ried im InnkreisMühlheim am Inn
24%
VöcklabruckOberhofen am Irrsee
24%
VöcklabruckPöndorf
24%
Braunau am InnSchalchen
24%
SchärdingSchardenberg
24%
Urfahr-UmgebungSonnberg im Mühlkreis
24%
EferdingStroheim
24%
Braunau am InnWeng im Innkreis
24%
SchärdingWernstein am Inn
24%
Braunau am InnFranking
23%
SchärdingFreinberg
23%
EferdingHinzenbach
23%
Braunau am InnTreubach
23%
RohrbachAtzesberg
22%
SchärdingDiersbach
22%
Braunau am InnMoosdorf
22%
Braunau am InnSchwand im Innkreis
22%
SchärdingVichtenstein
22%
VöcklabruckFornach
21%
RohrbachHörbich
21%
Ried im InnkreisLambrechten
21%
VöcklabruckOberndorf bei Schwanenstadt
21%
VöcklabruckRedlham
21%
Ried im InnkreisUtzenaich
21%
VöcklabruckAtzbach
20%
Braunau am InnAuerbach
20%
SchärdingBrunnenthal
20%
SchärdingEnzenkirchen
20%
Braunau am InnGeretsberg
20%
Braunau am InnGilgenberg am Weilhart
20%
Braunau am InnHaigermoos
20%
Braunau am InnJeging
20%
FreistadtKaltenberg
20%
VöcklabruckNiederthalheim
20%
Braunau am InnPalting
20%
Wels-LandPennewang
20%
GrieskirchenPotting
20%
Braunau am InnTarsdorf
20%
Wels-LandAichkirchen
19%
Braunau am InnEggelsberg
19%
Ried im InnkreisKirchheim im Innkreis
19%
Braunau am InnPischelsdorf am Engelbach
19%
PergRechberg
19%
GrieskirchenSchlüßlberg
19%
GrieskirchenSteegen
19%
GrieskirchenTollet
19%
Braunau am InnÜberackern
19%
GrieskirchenEschenau im Hausruckkreis
18%
Braunau am InnHandenberg
18%
Braunau am InnPerwang am Grabensee
18%
Braunau am InnPfaffstätt
18%
Ried im InnkreisTumeltsham
18%
VöcklabruckUngenach
18%
GrieskirchenGeboltskirchen
17%
SchärdingSigharting
16%
SchärdingAltschwendt
15%
Ried im InnkreisPeterskirchen
15%
Ried im InnkreisReichersberg
15%
VöcklabruckSchlatt
15%
Ried im InnkreisWeilbach
15%
VöcklabruckDesselbrunn
14%
SchärdingMayrhof
14%
VöcklabruckPuchkirchen am Trattberg
14%
GrieskirchenRottenbach
14%
VöcklabruckRüstorf
14%
GrieskirchenWendling
14%
Ried im InnkreisEitzing
13%
GrieskirchenHeiligenberg
13%
VöcklabruckPfaffing
13%
VöcklabruckPühret
13%
Ried im InnkreisSchildorn
13%
Ried im InnkreisGeiersberg
12%
VöcklabruckManning
12%
Ried im InnkreisMörschwang
12%
Ried im InnkreisPattigham
12%
VöcklabruckRedleiten
12%
GrieskirchenPollham
11%
VöcklabruckRutzenham
11%
Ried im InnkreisSenftenbach
11%
Ried im InnkreisWippenham
11%
VöcklabruckPilsbach
10%
VöcklabruckPitzenberg
10%

Verteilung der Resultate

Perzentil nach korrekt beantworteten Fragen

Anzahl Personen mit jedem Resultat

Ihre Resultats-Entwicklung

Sie haben dieses Quiz seit der letzten Aktualisierung nicht gespielt